000 00853nam a2200313 a 4500
001 000112693
003 CHAP
005 20220329144318.0
008 160928s2007 mx |r| ||||||spa d
010 _a109154
011 _a110126
020 _a9702609194
040 _cCHAP
082 0 4 _a515.4
_bP98 2007
100 0 0 _aPurcell, Edwin J.
_993038
245 1 0 _aCálculo /
_cpor Edwin J. Purcell, Dale Varberg y Steven E. Rigdon.
250 _a9 ed.
260 _aMéxico :
_bPearson Educación,
_c2007.
300 _axi, 872 p.
590 _aE5765TAJ
_b05
_c20160928
_lUCH01
_h1156
590 _aE5765TAJ
_b05
_c20160928
_lUCH01
_h1207
650 1 4 _aCálculo.
_923990
650 1 4 _aGeometría analítica.
_947654
700 0 _aVarberg, Dale.
_9117921
700 1 _aRigdon, Steven E.
_997411
901 _aBK
942 _cLIBRO
942 _n0
999 _c109154
_d109154